000 00663nam a2200241Ia 4500
003 OSt
005 20221007063909.0
006 a|||||r|||| 00| 0
007 ta
008 221006b |||||||| |||| 00| 0 eng d
024 _a20,643
037 _cTextual
040 _aFLL
_cFLL
_beng
041 _2eng
_aeng
082 _aZ2:1:6, F21
100 _aKinney Alexander
_9684419
245 0 _aTestamentary succession and administration of estates in India
250 _a2nd
260 _aCalcutta
_bThacker, Spink & Co. India
_c1922
300 _a670p
_ccm.
942 _hZ2:1:6, F21
_cTEXL
_2CC
999 _c1132493
_d1132493